Guess the Video Game - Statistics

General Stats
  • This quiz has been taken 19 times
  • The average score is 9 of 30
Answer Stats
Hint Answer % Correct
Boxing / Tennis / Bowling Wii Sports
74%
Creeper / Lapis Lazuli / Skeleton Minecraft
68%
CJ / Tommy / Vanilla Unicorn Grand Theft Auto
53%
Precursors / UNSC / Cortana Halo
53%
Kitana / Fatality / Lin Kuei Mortal Kombat
53%
AN-94 / Nuketown / Lodestar Black Ops
47%
Swordsplosion / Claptrap / Rex Borderlands
47%
Flush Factory / Scoped AR / Chests Fortnite
47%
Downturn / Model 1887 / Soap Modern Warfare
42%
Nissan 350z / Bayview / Rockport Need for Speed
32%
Stormcloak / Dragonbane / Blade of Woe Skyrim
32%
Wendigo, Sam, Totems Until Dawn
32%
Auditore / Cormac / Kenway Assassin's Creed
26%
Uka Uka / Coco / Wumpa fruit Crash Bandicoot
26%
OmniWrench / R.Y.N.O / Golden Bolt Ratchet & Clank
26%
Strawberry / Lancaster / Braithwaite Red Dead Redemption
26%
Bloater / FEDRA / Firefly The Last of Us
26%
Pop Shove-It / Benihana / the 900 Tony Hawk's Pro Skater
26%
Jonathan Irons / Exoskeleton / ATLAS Advanced Warfare
21%
Sigrun / Leviathan / Calliope God of War
21%
Fume-Shroom / Chomper / Sun Plants vs Zombies
21%
Noulith / Leonheart / Strife Final Fantasy
16%
Hesh / Strikezone / Honey Badger Ghosts
16%
Weasley / Portkey / Salazar Hogwarts Legacy
11%
Conduits / Neon / D.U.P Infamous
11%
Rachel Demita / MyTeam / Neighborhood(specific answer) NBA 2K
11%
Tiffi / Jelly / Odus the Owl Candy Crush Saga
5%
Faby, Pipes, Medals Flappy Bird
5%
Lars Umlaut / Star Power / Johnny Napalm Guitar Hero
5%
Bobby Jenkins / Klokkies / Reppy Scaler
5%
No matching quizzes found
Score Distribution
Percent of People with Each Score
Percentile by Number Answered
Your Score History
You have not taken this quiz